History Quiz

Random History or Decade Quiz

American History: 1950s Quiz Stats

 Plays Quiz Updated May 17, 2015

Challenge
Share
Tweet
Embed
Score 0/20 Timer 04:00
1 Play Today
Hint Answer % Correct
The tension between the US and the USSR is described as this type of 'war'Cold War
98.8%
Last state added to the United StatesHawaii
96.7%
This place 'where dreams come true' opensDisneyland
93%
He initiates a legendary career with his first RCA single, 'Heartbreak Hotel'Elvis Presley
90.5%
This Cuban revolutionary is denied help by America and subsequently turns to USSRFidel Castro
86.7%
Watson and Crick are credited with concluding the helical structure of this moleculeDNA
78.7%
Salinger writes this controversial novelThe Catcher in the Rye
78.2%
This first artificial satellite to enter Earth's orbit influences the 'Space Race'Sputnik I
76%
First successful transplant of this (or any) vital organKidney
73.2%
Landmark case declaring segregated public education as 'unconstitutional'Brown v. Board of Education
67%
Hint Answer % Correct
Polio vaccine is developed by this manJonas Salk
65.6%
This backyard, 'plastic' baseball is introducedWiffle ball
63.8%
Rod Serling brings us to this dimensionTwilight Zone
61.9%
Rosa Parks refuses to give up a seat in a bus in this segregated Southern townMontgomery
60.2%
These 'Bums' finally beat the Yankees in the World SeriesBrooklyn Dodgers
59.6%
Eisenhower concept that once one nation falls to Communism, the surrounding ones will tooDomino Theory
55.4%
After successful Soviet detonation of the atom bomb, the U.S creates this deadlier WMDHydrogen Bomb
54.4%
Juvenile delinquency gives rise to this generation, coined by Jack Kerouac, and possibly the precursor to hippiesBeat Generation
53%
Nine integrated students are infamously harassed while attending Central High School in this cityLittle Rock
48.3%
Turning point of the Korean War (for America) is when General MacArthur's forces land hereIncheon
23.9%

You're not logged in!

Compare scores with friends on all Sporcle quizzes.
Join for Free
OR
Log In

You Might Also Like...

Show Comments

Extras

Top Quizzes Today


Score Distribution

Your Account Isn't Verified!

In order to create a playlist on Sporcle, you need to verify the email address you used during registration. Go to your Sporcle Settings to finish the process.

Report this User

Report this user for behavior that violates our Community Guidelines.

Details: